[Event "GER-ch Candidates 96th"]
[Site "Munich"]
[Date "2025.05.23"]
[Round "9"]
[White "Zuferi, Enis"]
[Black "Maier, Alexander"]
[Result "1-0"]
[WhiteElo "2351"]
[BlackElo "2226"]
[PlyCount "53"]
[EventDate "2025.05.17"]
[EventType "swiss"]
[EventRounds "9"]
[EventCountry "GER"]
[SourceTitle "CB22_2025"]
[SourceDate "2025.05.28"]
[SourceVersion "1"]
[SourceVersionDate "2025.05.28"]
[SourceQuality "1"]

1. Nf3 d5 2. g3 Nc6 3. d4 Bf5 4. Bg2 Nb4 5. Na3 e6 6. 0-0 Be7 7. c3 Nc6 8. Qb3 Rb8 9. c4 Nf6 10. Bf4 a6 11. Rfd1 0-0 12. Ne5 Nb4 13. Rac1 dxc4 14. Naxc4 Nbd5 15. Bd2 c5 16. Ba5 Qe8 17. Nb6 cxd4 18. Rxd4 Nxb6 19. Bxb6 Rc8 20. Rxc8 Qxc8 21. Rc4 Qe8 22. Bxb7 Qb5 23. Nc6 Bd6 24. Qxb5 axb5 25. Rd4 Nd5 26. Ba7 Be7 27. Rxd5 1-0

[Event "GER-ch Candidates 96th"]
[Site "Munich"]
[Date "2025.05.21"]
[Round "6"]
[White "Maier, Alexander"]
[Black "Lippert, Daniel"]
[Result "1/2-1/2"]
[WhiteElo "2226"]
[BlackElo "2227"]
[PlyCount "86"]
[EventDate "2025.05.17"]
[EventType "swiss"]
[EventRounds "9"]
[EventCountry "GER"]
[SourceTitle "CB22_2025"]
[SourceDate "2025.05.28"]
[SourceVersion "1"]
[SourceVersionDate "2025.05.28"]
[SourceQuality "1"]

1. e4 c5 2. b3 g6 3. Bb2 Nf6 4. e5 Nd5 5. Nc3 Nxc3 6. dxc3 Nc6 7. f4 d6 8. exd6 Bh6 9. g3 0-0 10. Nf3 exd6 11. c4 Re8+ 12. Kf2 Be6 13. Bg2 d5 14. cxd5 Bxd5 15. Re1 Be4 16. Ne5 Bxg2 17. Kxg2 Nd4 18. c3 Nf5 19. Qf3 Qc7 20. Rad1 Rad8 21. c4 Bg7 22. Kg1 h5 23. Rxd8 Rxd8 24. Rd1 Nd4 25. Bxd4 cxd4 26. Nd3 Re8 27. Re1 Rxe1+ 28. Nxe1 Qa5 29. Qe2 Qc3 30. Nd3 a5 31. f5 gxf5 32. Nf4 h4 33. Kg2 hxg3 34. hxg3 Qb4 35. Nd5 Qd6 36. Qf3 Qe5 37. Qxf5 Qe2+ 38. Qf2 Qe4+ 39. Qf3 Qc2+ 40. Kh3 Qh7+ 41. Kg2 Qc2+ 42. Kh3 Qh7+ 43. Kg2 Qc2+ 1/2-1/2

[Event "GER-ch Candidates 96th"]
[Site "Munich"]
[Date "2025.05.20"]
[Round "5"]
[White "Mueller, Thorsten"]
[Black "Maier, Alexander"]
[Result "0-1"]
[WhiteElo "2034"]
[BlackElo "2226"]
[PlyCount "98"]
[EventDate "2025.05.17"]
[EventType "swiss"]
[EventRounds "9"]
[EventCountry "GER"]
[SourceTitle "CB22_2025"]
[SourceDate "2025.05.28"]
[SourceVersion "1"]
[SourceVersionDate "2025.05.28"]
[SourceQuality "1"]

1. d4 d6 2. Nf3 g6 3. Bf4 Bg7 4. e3 Nd7 5. c3 e5 6. Bg3 Qe7 7. Be2 Nh6 8. h3 0-0 9. Na3 a6 10. Nc4 Nf5 11. Bh2 e4 12. Nfd2 Re8 13. a4 Bh6 14. g4 Nh4 15. Bg3 Ng2+ 16. Kf1 Nh4 17. Qc2 Bg5 18. Na5 Nf6 19. c4 c5 20. Nab3 a5 21. Nb1 b6 22. Nc3 Bb7 23. d5 Rad8 24. Nd2 Bc8 25. Ra3 h5 26. Qd1 Kg7 27. Rb3 hxg4 28. hxg4 Rh8 29. Rxb6 Nf5 30. Kg2 Nxg3 31. Kxg3 Rxh1 32. Qxh1 Rh8 33. Qg1 Qe5+ 34. Kg2 Rh4 35. Kf1 Bxg4 36. Bxg4 Rxg4 37. Qh1 Rh4 38. Qg2 Rh2 39. Qg1 Bxe3 40. fxe3 Rxd2 41. Ke1 Rh2 42. Ne2 Qh5 43. Ng3 Qh3 44. Nf5+ Kh7 45. Qg5 Rh1+ 46. Kd2 Qh2+ 47. Kc3 Rc1+ 48. Kb3 Qc2+ 49. Ka2 Qxa4# 0-1

[Event "GER-ch Candidates 96th"]
[Site "Munich"]
[Date "2025.05.18"]
[Round "2"]
[White "Maier, Alexander"]
[Black "Philipp, Mathias"]
[Result "0-1"]
[WhiteElo "2226"]
[BlackElo "2159"]
[PlyCount "110"]
[EventDate "2025.05.17"]
[EventType "swiss"]
[EventRounds "9"]
[EventCountry "GER"]
[SourceTitle "CB22_2025"]
[SourceDate "2025.05.28"]
[SourceVersion "1"]
[SourceVersionDate "2025.05.28"]
[SourceQuality "1"]

1. e4 c5 2. b3 d6 3. Bb2 Nf6 4. Bb5+ Bd7 5. Bxd7+ Qxd7 6. Bxf6 gxf6 7. Qh5 Nc6 8. Ne2 Rg8 9. 0-0 Rg5 10. Qf3 f5 11. Nbc3 0-0-0 12. exf5 Rxf5 13. Qh3 h6 14. Ng3 Rf4 15. Qxd7+ Kxd7 16. Nce2 Rg4 17. f3 Rg8 18. Rad1 e6 19. Nh5 Kc7 20. f4 d5 21. c3 f5 22. d3 b5 23. Rfe1 Rg6 24. Kf1 b4 25. Rc1 a5 26. d4 Kb6 27. Rc2 bxc3 28. dxc5+ Bxc5 29. Nxc3 Ba3 30. Na4+ Kb7 31. Nc5+ Bxc5 32. Rxc5 Kb6 33. Rc2 Rd6 34. a3 Nd4 35. Rb2 Rc6 36. a4 Nc2 37. Re2 Nb4 38. Rbd2 Rc3 39. Rd1 Kc5 40. Rde1 Nd3 41. Rb1 Kb4 42. Rd2 Nc1 43. Ng3 Rg4 44. Rd1 Rxf4+ 45. Kg1 Nxb3 46. Ne2 Re4 47. Nxc3 Kxc3 48. Rf1 d4 49. Rf3+ Re3 50. Rxe3+ dxe3 51. Re1 Kd2 52. Rb1 Nc1 53. Rb2+ Kd1 54. Rb6 Nd3 55. Rd6 Kd2 0-1

[Event "Mittelfranken Landesliga Sued 2223"]
[Site "Mittelfranken"]
[Date "2023.03.05"]
[Round "7.1"]
[White "Maier, Alexander"]
[Black "Pancevski, Filip"]
[Result "1/2-1/2"]
[WhiteElo "2277"]
[BlackElo "2443"]
[PlyCount "55"]
[EventDate "2022.10.09"]
[EventType "team-tourn"]
[EventRounds "9"]
[EventCountry "GER"]
[SourceTitle "EXT 2024"]
[Source "ChessBase"]
[SourceDate "2023.10.10"]
[SourceVersion "1"]
[SourceVersionDate "2023.10.10"]
[SourceQuality "1"]
[WhiteTeam "Muenchen Zugzwang II"]
[BlackTeam "Augsburg SF"]
[WhiteTeamCountry "GER"]
[BlackTeamCountry "GER"]

1. e4 d6 2. Bc4 Nf6 3. d3 c6 4. Bb3 Na6 5. c3 e5 6. Nf3 Be7 7. 0-0 0-0 8. Re1 Nc5 9. Bc2 Bg4 10. Nbd2 Ne6 11. Nc4 Nd7 12. Ne3 Bxf3 13. Qxf3 g6 14. Bd2 Bf6 15. b4 Bg7 16. Bb3 Qe7 17. Rad1 a5 18. a3 axb4 19. axb4 Ra3 20. Rb1 b5 21. Nc2 Raa8 22. Ra1 Bf6 23. Bh6 Rfb8 24. Qg4 Ndf8 25. Be3 Bg5 26. g3 Bxe3 27. Nxe3 Qf6 28. Kg2 1/2-1/2

[Event "Mittelfranken Landesliga Sued 2223"]
[Site "Mittelfranken"]
[Date "2022.11.27"]
[Round "3.1"]
[White "Lang, Zalan Andreas"]
[Black "Maier, Alexander"]
[Result "1/2-1/2"]
[WhiteElo "2274"]
[BlackElo "2277"]
[PlyCount "20"]
[EventDate "2022.10.09"]
[EventType "team-tourn"]
[EventRounds "9"]
[EventCountry "GER"]
[SourceTitle "EXT 2024"]
[Source "ChessBase"]
[SourceDate "2023.10.10"]
[SourceVersion "1"]
[SourceVersionDate "2023.10.10"]
[SourceQuality "1"]
[WhiteTeam "Haunstetten"]
[BlackTeam "Muenchen Zugzwang II"]
[WhiteTeamCountry "GER"]
[BlackTeamCountry "GER"]

1. d4 c5 2. d5 d6 3. c4 g6 4. Nc3 Bg7 5. Nf3 Bxc3+ 6. bxc3 f5 7. g3 Nf6 8. Bg2 Qa5 9. Nd2 Nbd7 10. 0-0 Nb6 1/2-1/2

[Event "Bayern-chI Bank Hofmann 22nd"]
[Site "Tegernsee"]
[Date "2018.11.02"]
[Round "7"]
[White "Maier, Alexander"]
[Black "Billio, Atto"]
[Result "1-0"]
[WhiteElo "2275"]
[BlackElo "2074"]
[PlyCount "101"]
[EventDate "2018.10.27"]
[EventType "swiss"]
[EventRounds "9"]
[EventCountry "GER"]
[SourceTitle "CBM 187 Extra"]
[Source "ChessBase"]
[SourceDate "2018.11.04"]
[SourceVersion "1"]
[SourceVersionDate "2018.11.04"]
[SourceQuality "1"]

1. e4 c5 2. d4 cxd4 3. c3 Nf6 4. e5 Nd5 5. Nf3 e6 6. cxd4 d6 7. a3 dxe5 8. dxe5 b6 9. Bd3 Nd7 10. Qa4 Bb7 11. 0-0 Qc7 12. Re1 a6 13. Bg5 h6 14. Bh4 b5 15. Qg4 g5 16. Bg3 Nc5 17. Bc2 Rc8 18. Nbd2 Be7 19. Qh5 Na4 20. Nd4 Qd7 21. Bxa4 bxa4 22. N2f3 Kf8 23. Rad1 Rc4 24. Nf5 g4 25. Nxh6 Bb4 26. axb4 gxf3 27. Bh4 fxg2 28. Bf6 Rh7 29. Qg5 Nxf6 30. Rxd7 Nxd7 31. Qg8+ Ke7 32. Qxh7 Nxe5 33. Ng8+ Ke8 34. Qh8 Nf3+ 35. Kxg2 Nxe1+ 36. Kg3 Rxb4 37. Nf6+ Ke7 38. Ng8+ Kd7 39. f3 Nxf3 40. Qf6 Rb3 41. Qxf7+ Kd6 42. Qe7+ Ke5 43. Qc7+ Kd4 44. Qd7+ Ke5 45. Qxa4 Nd4+ 46. Kg4 Rxb2 47. Qa5+ Rb5 48. Qc7+ Ke4 49. Qc3 Rb3 50. Nf6+ Ke5 51. Nd7+ 1-0

[Event "Bayern-chI Bank Hofmann 22nd"]
[Site "Tegernsee"]
[Date "2018.11.01"]
[Round "6"]
[White "Walter, Thomas"]
[Black "Maier, Alexander"]
[Result "1/2-1/2"]
[WhiteElo "2084"]
[BlackElo "2275"]
[PlyCount "49"]
[EventDate "2018.10.27"]
[EventType "swiss"]
[EventRounds "9"]
[EventCountry "GER"]
[SourceTitle "CBM 187 Extra"]
[Source "ChessBase"]
[SourceDate "2018.11.04"]
[SourceVersion "1"]
[SourceVersionDate "2018.11.04"]
[SourceQuality "1"]

1. e4 d5 2. exd5 Qxd5 3. Nc3 Qd6 4. d4 g6 5. g3 Bg7 6. Bf4 Qb6 7. Nf3 Nf6 8. Bc4 0-0 9. 0-0 Bg4 10. Re1 Nbd7 11. Kg2 Rae8 12. Bb3 c6 13. h3 Bxf3+ 14. Kxf3 Qa5 15. Be5 Rd8 16. Kg2 Nxe5 17. Rxe5 Qc7 18. Qe2 e6 19. Rd1 Rd7 20. Re3 Rfd8 21. Red3 Ne8 22. Qe3 Nd6 23. g4 Qa5 24. Ne4 Nxe4 25. Qxe4 1/2-1/2

[Event "Bayern-chI Bank Hofmann 22nd"]
[Site "Tegernsee"]
[Date "2018.10.30"]
[Round "4"]
[White "Braun, Michael1"]
[Black "Maier, Alexander"]
[Result "0-1"]
[WhiteElo "2071"]
[BlackElo "2275"]
[PlyCount "68"]
[EventDate "2018.10.27"]
[EventType "swiss"]
[EventRounds "9"]
[EventCountry "GER"]
[SourceTitle "CBM 187 Extra"]
[Source "ChessBase"]
[SourceDate "2018.11.04"]
[SourceVersion "1"]
[SourceVersionDate "2018.11.04"]
[SourceQuality "1"]

1. d4 d5 2. Bf4 Nf6 3. e3 Bg4 4. f3 Bd7 5. g4 e6 6. Bd3 Bd6 7. Ne2 Nc6 8. c3 Qe7 9. Bxd6 cxd6 10. Ng3 e5 11. Bf5 0-0-0 12. Na3 h5 13. 0-0 hxg4 14. fxg4 exd4 15. exd4 Qe3+ 16. Kg2 Qh6 17. Bxd7+ Nxd7 18. Rh1 Qh3+ 19. Kg1 Nf6 20. g5 Ne4 21. Qf3 Ne7 22. Qg2 Nxg5 23. Qxh3+ Nxh3+ 24. Kg2 f5 25. Rhe1 Kd7 26. Nc2 f4 27. Nf1 g5 28. Rad1 g4 29. Rd2 Ng6 30. Nb4 Rh7 31. Rf2 f3+ 32. Kh1 Nhf4 33. Rc2 g3 34. Nxg3 f2 0-1

[Event "Regionalliga Sued-Ost 1819"]
[Site "Bayern"]
[Date "2018.10.21"]
[Round "1.1"]
[White "Zenker, Ulrich"]
[Black "Maier, Alexander"]
[Result "0-1"]
[WhiteElo "2115"]
[BlackElo "2294"]
[PlyCount "74"]
[EventDate "2018.10.21"]
[EventType "team-tourn"]
[EventRounds "9"]
[EventCountry "GER"]
[SourceTitle "EXT 2022"]
[Source "ChessBase"]
[SourceDate "2021.10.06"]
[SourceVersion "1"]
[SourceVersionDate "2021.10.06"]
[SourceQuality "1"]
[WhiteTeam "Ebersberg Grafing"]
[BlackTeam "Groebenzell II"]
[WhiteTeamCountry "GER"]
[BlackTeamCountry "GER"]

1. d4 d5 2. c4 dxc4 3. Nf3 a6 4. g3 b5 5. Bg2 Bb7 6. 0-0 Nd7 7. a4 e6 8. b3 cxb3 9. Qxb3 b4 10. Nbd2 Ngf6 11. a5 Be7 12. Bb2 0-0 13. Nc4 Bd5 14. Nfe5 Nxe5 15. dxe5 Nd7 16. Rfd1 Bxg2 17. Kxg2 Qc8 18. Qf3 Nc5 19. Rac1 Bg5 20. e3 Qb7 21. Qxb7 Nxb7 22. h4 Bd8 23. Rc2 c5 24. Nd6 Nxa5 25. Rxc5 Bb6 26. Rc2 Rfd8 27. Bd4 Bxd4 28. exd4 Rdb8 29. Rc7 b3 30. Nxf7 Rb7 31. Rxb7 Nxb7 32. Ng5 a5 33. Nxe6 a4 34. Nc5 Nxc5 35. dxc5 a3 36. c6 Rc8 37. e6 Kf8 0-1

[Event "Bamberg op 1st"]
[Site "Bamberg"]
[Date "2018.05.11"]
[Round "4"]
[White "Troyke, Christian"]
[Black "Maier, Alexander"]
[Result "1/2-1/2"]
[WhiteElo "2342"]
[BlackElo "2267"]
[PlyCount "45"]
[EventDate "2018.05.09"]
[EventType "swiss"]
[EventRounds "7"]
[EventCountry "GER"]
[SourceTitle "CBM 184 Extra"]
[Source "ChessBase"]
[SourceDate "2018.06.28"]
[SourceVersion "1"]
[SourceVersionDate "2018.06.28"]
[SourceQuality "1"]

1. g3 e5 2. c4 Nc6 3. Bg2 Bc5 4. Nc3 d6 5. e3 a6 6. Nge2 Ba7 7. d4 Nge7 8. h3 0-0 9. 0-0 Bd7 10. b3 Qc8 11. Kh2 Rb8 12. a4 exd4 13. exd4 Re8 14. Bb2 Nb4 15. Qd2 Bf5 16. Ne4 Nec6 17. f3 d5 18. cxd5 Nxd5 19. g4 Bg6 20. N2g3 f5 21. gxf5 Bxf5 22. Qg5 Rf8 23. Rad1 1/2-1/2

[Event "Regionalliga Sued-Ost 1718"]
[Site "Bayern"]
[Date "2017.10.22"]
[Round "1.1"]
[White "Maier, Alexander"]
[Black "Zenker, Ulrich"]
[Result "0-1"]
[WhiteElo "2239"]
[BlackElo "2172"]
[PlyCount "38"]
[EventDate "2017.10.22"]
[EventType "team-tourn"]
[EventRounds "9"]
[EventCountry "GER"]
[SourceTitle "EXT 2022"]
[Source "ChessBase"]
[SourceDate "2021.10.06"]
[SourceVersion "1"]
[SourceVersionDate "2021.10.06"]
[SourceQuality "1"]
[WhiteTeam "Groebenzell II"]
[BlackTeam "Ebersberg Grafing"]
[WhiteTeamCountry "GER"]
[BlackTeamCountry "GER"]

1. Nc3 e5 2. e4 Nf6 3. Bc4 Nxe4 4. Nf3 Nc6 5. Nxe4 d5 6. Bd3 dxe4 7. Bxe4 Bd6 8. 0-0 0-0 9. Re1 Bg4 10. c3 f5 11. Qb3+ Kh8 12. Bxc6 e4 13. d3 Bxf3 14. gxf3 Qh4 15. dxe4 Qxh2+ 16. Kf1 bxc6 17. exf5 Qh3+ 18. Ke2 Qxf5 19. Be3 Rab8 0-1

[Event "Regionalliga SO 1617"]
[Site "Bayern"]
[Date "2016.10.16"]
[Round "1.1"]
[White "Michaelis, Martin"]
[Black "Maier, Alexander"]
[Result "1-0"]
[WhiteElo "2253"]
[BlackElo "2219"]
[PlyCount "113"]
[EventDate "2016.10.16"]
[EventType "team-tourn"]
[EventRounds "9"]
[EventCountry "GER"]
[SourceTitle "EXT 2019"]
[Source "ChessBase"]
[SourceDate "2018.10.10"]
[SourceVersion "1"]
[SourceVersionDate "2018.10.10"]
[SourceQuality "1"]
[WhiteTeam "Ingolstadt"]
[BlackTeam "Groebenzell II"]
[WhiteTeamCountry "GER"]
[BlackTeamCountry "GER"]

1. d4 Nf6 2. Nf3 d5 3. c4 c6 4. Nc3 dxc4 5. a4 Bg4 6. Ne5 Bh5 7. g3 e6 8. Bg2 Bb4 9. 0-0 Nd5 10. Na2 f6 11. Nxc4 Be7 12. Qd3 Na6 13. e4 Ndb4 14. Nxb4 Nxb4 15. Qc3 0-0 16. Bh3 f5 17. f3 fxe4 18. Bxe6+ Kh8 19. fxe4 Rxf1+ 20. Kxf1 Qf8+ 21. Kg2 Qf6 22. Bf5 Bg6 23. g4 Bxf5 24. exf5 Rd8 25. Ne5 Nd5 26. Qf3 c5 27. Bg5 Qf8 28. Bxe7 Qxe7 29. Re1 Kg8 30. dxc5 Qxc5 31. Kh3 Qb4 32. Rd1 Qc5 33. Nd3 Qd4 34. Nf2 Qe5 35. Kh4 h6 36. Nh3 Qf6+ 37. Kg3 Nb6 38. Rxd8+ Qxd8 39. Nf4 Qc7 40. Qe4 Qd7 41. a5 Nc8 42. Qe6+ Qxe6 43. Nxe6 Nd6 44. Kf4 Kf7 45. b3 Kf6 46. h4 g6 47. g5+ hxg5+ 48. hxg5+ Kf7 49. Nd8+ Ke7 50. fxg6 Ne8 51. Nxb7 Ke6 52. Ke4 Ng7 53. b4 Nh5 54. b5 Ng3+ 55. Kd4 Kd7 56. Kd5 Nh5 57. Nc5+ 1-0

[Event "Erfurt op 25th"]
[Site "Erfurt"]
[Date "2015.12.27"]
[Round "2"]
[White "Maier, Alexander"]
[Black "Vrtiakova, Anna"]
[Result "1-0"]
[WhiteElo "2275"]
[BlackElo "1970"]
[PlyCount "83"]
[EventDate "2015.12.26"]
[EventType "swiss"]
[EventRounds "8"]
[EventCountry "GER"]
[SourceTitle "EXT 2017"]
[Source "ChessBase"]
[SourceDate "2016.10.25"]
[SourceVersion "1"]
[SourceVersionDate "2016.10.25"]
[SourceQuality "1"]

1. e4 c5 2. b3 Nc6 3. Bb2 e6 4. Nf3 d6 5. d4 cxd4 6. Nxd4 Nf6 7. Bd3 Be7 8. 0-0 0-0 9. Nd2 Nxd4 10. Bxd4 e5 11. Bb2 Nd7 12. c4 a5 13. Nb1 Nc5 14. Bc2 f5 15. exf5 Bxf5 16. Bxf5 Rxf5 17. Nc3 Qf8 18. Nd5 Bh4 19. g3 Bg5 20. h4 Bd8 21. Ba3 Rc8 22. Qg4 Rc6 23. Bxc5 dxc5 24. Rad1 Rg6 25. Qe4 Kh8 26. Ne3 Rf4 27. Qxe5 Rd4 28. Rxd4 cxd4 29. Qxd4 Bb6 30. Qe4 Qb8 31. Kg2 Bc7 32. Nf5 Rf6 33. Re1 Qf8 34. Re2 g6 35. Ne3 Bb6 36. Ng4 Rf7 37. Qe8 h5 38. Qxf8+ Rxf8 39. Ne5 Rg8 40. Nf7+ Kg7 41. Ng5 Rc8 42. Re7+ 1-0

[Event "Karl Mala Memorial op-A 17th"]
[Site "Frankfurt"]
[Date "2014.08.03"]
[Round "6"]
[White "Maier, Alexander"]
[Black "Nasshan, Dennis"]
[Result "1-0"]
[WhiteElo "2306"]
[BlackElo "2166"]
[PlyCount "73"]
[EventDate "2014.07.31"]
[EventType "swiss"]
[EventRounds "7"]
[EventCountry "GER"]
[SourceTitle "EXT 2015"]
[Source "ChessBase"]
[SourceDate "2014.11.20"]
[SourceVersion "1"]
[SourceVersionDate "2014.11.20"]
[SourceQuality "1"]

1. e4 c5 2. Nf3 d6 3. d4 cxd4 4. Qxd4 Nc6 5. Bb5 Bd7 6. Bxc6 Bxc6 7. Nc3 Nf6 8. Bg5 e6 9. 0-0-0 Be7 10. Qd3 Qa5 11. Bh4 0-0 12. Nd4 a6 13. f4 Rfd8 14. g4 Rac8 15. g5 Nd7 16. Qh3 Re8 17. f5 e5 18. Nxc6 Rxc6 19. f6 Rxc3 20. bxc3 Bf8 21. fxg7 Kxg7 22. Bf2 Nc5 23. Bxc5 Qxc5 24. Rd3 Qc4 25. Qf5 d5 26. Rh3 Ba3+ 27. Kd2 dxe4 28. Qxh7+ Kf8 29. Qh8+ Ke7 30. Qxe5+ Qe6 31. Qxe6+ Kxe6 32. Rf1 Be7 33. Rh6+ Ke5 34. h4 Rd8+ 35. Ke2 Bc5 36. Rhf6 Kd5 37. Rd1+ 1-0

[Event "Karl Mala Memorial op-A 17th"]
[Site "Frankfurt"]
[Date "2014.07.31"]
[Round "1"]
[White "Spitzl, Vinzent"]
[Black "Maier, Alexander"]
[Result "1/2-1/2"]
[WhiteElo "1902"]
[BlackElo "2306"]
[PlyCount "119"]
[EventDate "2014.07.31"]
[EventType "swiss"]
[EventRounds "7"]
[EventCountry "GER"]
[SourceTitle "EXT 2015"]
[Source "ChessBase"]
[SourceDate "2014.11.20"]
[SourceVersion "1"]
[SourceVersionDate "2014.11.20"]
[SourceQuality "1"]

1. e4 e5 2. Nf3 Nc6 3. Bb5 a6 4. Ba4 Nf6 5. 0-0 Nxe4 6. d4 b5 7. Bb3 d5 8. dxe5 Be6 9. c3 Be7 10. Nbd2 Nc5 11. Bc2 d4 12. cxd4 Nxd4 13. Nxd4 Qxd4 14. Nf3 Qxd1 15. Rxd1 0-0 16. Be3 Rfd8 17. Nd4 Bd5 18. f4 Bf8 19. a3 Ne6 20. Nxe6 fxe6 21. Rd2 b4 22. axb4 Bxb4 23. Rf2 a5 24. g4 g6 25. h4 Be7 26. h5 gxh5 27. f5 Bh4 28. Rh2 Bg3 29. Rxh5 Rd7 30. f6 Rb8 31. Bh6 Kf7 32. Rg5 Rg8 33. Rg7+ Rxg7 34. fxg7 Kg8 35. Rf1 Rxg7 36. Bxg7 Kxg7 37. Ra1 Bxe5 38. Rxa5 Bxb2 39. Kf2 Be5 40. Ke3 h6 41. Be4 c6 42. Ra7+ Kf6 43. Bxd5 cxd5 44. Ra8 Bb2 45. Rg8 e5 46. Rd8 Ke6 47. Kd2 e4 48. Ke3 Bf6 49. Re8+ Kd7 50. Ra8 Kd6 51. Rc8 Ke6 52. Re8+ Kd7 53. Rxe4 dxe4 54. Kxe4 Ke6 55. Kf3 Ke5 56. Kg2 Kf4 57. Kh1 Bd4 58. Kg2 Be3 59. Kh2 Kf3 60. Kh1 1/2-1/2

[Event "Landesliga Sued 1314"]
[Site "Bayern"]
[Date "2014.01.19"]
[Round "5.1"]
[White "Maier, Alexander"]
[Black "Schmidt, Peter"]
[Result "1-0"]
[WhiteElo "2306"]
[BlackElo "2377"]
[PlyCount "73"]
[EventDate "2013.10.13"]
[EventType "team-tourn"]
[EventRounds "9"]
[EventCountry "GER"]
[SourceTitle "EXT 2015"]
[Source "ChessBase"]
[SourceDate "2014.11.20"]
[SourceVersion "1"]
[SourceVersionDate "2014.11.20"]
[SourceQuality "1"]
[WhiteTeam "Ingolstadt"]
[BlackTeam "Roehrnbach"]
[WhiteTeamCountry "GER"]
[BlackTeamCountry "GER"]

1. e4 g6 2. Nc3 Bg7 3. f4 d6 4. Nf3 Nf6 5. Be2 0-0 6. 0-0 c5 7. d3 Nc6 8. Qe1 Bg4 9. Nd1 c4 10. Ne3 cxd3 11. Bxd3 Bxf3 12. Rxf3 e5 13. f5 Rc8 14. c3 Re8 15. Bc4 Ne7 16. fxg6 hxg6 17. Qf1 d5 18. exd5 Qd6 19. Bb3 e4 20. Rf2 Rf8 21. Nc4 Qa6 22. d6 Nf5 23. Bg5 Nd7 24. Be7 Rfe8 25. Rxf5 gxf5 26. Qxf5 Qc6 27. Qxf7+ Kh7 28. Qh5+ Bh6 29. Qf7+ Kh8 30. Kh1 Rg8 31. Qh5 Kh7 32. Rf1 Rg7 33. Ne3 Qc5 34. Nf5 Rg6 35. Bf7 Rcg8 36. Bxg8+ Kxg8 37. Qxg6+ 1-0

[Event "Landesliga Sued 1314"]
[Site "Bayern"]
[Date "2013.11.24"]
[Round "3.1"]
[White "Maier, Alexander"]
[Black "Lapcevic, Milos"]
[Result "1/2-1/2"]
[WhiteElo "2306"]
[BlackElo "2377"]
[PlyCount "88"]
[EventDate "2013.10.13"]
[EventType "team-tourn"]
[EventRounds "9"]
[EventCountry "GER"]
[SourceTitle "EXT 2015"]
[Source "ChessBase"]
[SourceDate "2014.11.20"]
[SourceVersion "1"]
[SourceVersionDate "2014.11.20"]
[SourceQuality "1"]
[WhiteTeam "Ingolstadt"]
[BlackTeam "Haunstetten"]
[WhiteTeamCountry "GER"]
[BlackTeamCountry "GER"]

1. e4 c5 2. Nf3 d6 3. Bb5+ Nd7 4. d4 Ngf6 5. 0-0 cxd4 6. Qxd4 e5 7. Qd3 h6 8. c4 a6 9. Bxd7+ Bxd7 10. Nc3 Be7 11. a4 0-0 12. b3 b5 13. axb5 axb5 14. Rxa8 Qxa8 15. cxb5 Rb8 16. Nd2 Qa5 17. Nc4 Bxb5 18. Nxb5 Qxb5 19. Ba3 Qxb3 20. Qxb3 Rxb3 21. Bxd6 Bxd6 22. Nxd6 Rd3 23. Nc4 Nd7 24. f3 f6 25. Rb1 Nc5 26. Rb6 Rc3 27. Nd6 Nd3 28. h4 Rc1+ 29. Kh2 Rc2 30. Rb1 Nf4 31. Rg1 g6 32. Nb5 Kf7 33. Na3 Ra2 34. Nb1 f5 35. Kh1 fxe4 36. Nc3 Rc2 37. Nxe4 Ke6 38. g3 Ne2 39. Rg2 Rc1+ 40. Kh2 Nd4 41. Rf2 Kf5 42. Nd6+ Ke6 43. Ne4 Kf5 44. Nd6+ Ke6 1/2-1/2

[Event "Landesliga Sued 1314"]
[Site "Bayern"]
[Date "2013.11.10"]
[Round "2.1"]
[White "Gregor, Jiri"]
[Black "Maier, Alexander"]
[Result "1-0"]
[WhiteElo "2248"]
[BlackElo "2306"]
[PlyCount "35"]
[EventDate "2013.10.13"]
[EventType "team-tourn"]
[EventRounds "9"]
[EventCountry "GER"]
[SourceTitle "EXT 2015"]
[Source "ChessBase"]
[SourceDate "2014.11.20"]
[SourceVersion "1"]
[SourceVersionDate "2014.11.20"]
[SourceQuality "1"]
[WhiteTeam "Freising"]
[BlackTeam "Ingolstadt"]
[WhiteTeamCountry "GER"]
[BlackTeamCountry "GER"]

1. d4 Nf6 2. c4 c5 3. d5 e6 4. Nc3 exd5 5. cxd5 d6 6. e4 g6 7. Bd3 Bg7 8. h3 0-0 9. Nf3 b5 10. Nxb5 Nxe4 11. Bxe4 Qa5+ 12. Nc3 Re8 13. Ng5 h6 14. Ne6 Ba6 15. f3 fxe6 16. dxe6 Bxc3+ 17. bxc3 Qxc3+ 18. Kf2 1-0

[Event "Bayern-chI Bank Hofmann 17th"]
[Site "Bad Wiessee"]
[Date "2013.10.26"]
[Round "1"]
[White "Wiederspahn, Markus"]
[Black "Maier, Alexander"]
[Result "0-1"]
[WhiteElo "1996"]
[BlackElo "2311"]
[PlyCount "76"]
[EventDate "2013.10.26"]
[EventType "swiss"]
[EventRounds "9"]
[EventCountry "GER"]
[SourceTitle "EXT 2014"]
[Source "ChessBase"]
[SourceDate "2013.11.20"]
[SourceVersion "1"]
[SourceVersionDate "2013.11.20"]
[SourceQuality "1"]

1. d4 Nf6 2. c4 Nc6 3. Nf3 e6 4. g3 Bb4+ 5. Bd2 Qe7 6. a3 Bxd2+ 7. Nbxd2 d6 8. Bg2 e5 9. d5 Nb8 10. e4 Bg4 11. Qc2 Bxf3 12. Nxf3 Nbd7 13. b4 a5 14. 0-0 0-0 15. Rfc1 Ra7 16. Ne1 Rfa8 17. Rab1 axb4 18. axb4 h5 19. h4 b6 20. Qd1 Ra2 21. Bf3 g6 22. Nd3 Qf8 23. Rc2 Qh6 24. Rbc1 R8a3 25. Rxa2 Rxa2 26. Rc2 Ra3 27. Kg2 Kh7 28. Qe2 Qf8 29. Qd2 Qa8 30. Rc3 Ra1 31. Rc1 Rxc1 32. Qxc1 Qa2 33. c5 Qb3 34. cxd6 cxd6 35. Qe3 Qc4 36. Kh3 Kg7 37. Bg2 Ng4 38. Qd2 Qxd3 0-1